Normal view
MARC view
- Norris, John W
Entry Personal Name
001 - CONTROL NUMBER
- control field: 45607
003 - CONTROL NUMBER IDENTIFIER
- control field: NUST
005 - DATE AND TIME OF LATEST TRANSACTION
- control field: 20210314133311.0
008 - FIXED-LENGTH DATA ELEMENTS
- fixed length control field: 210314|| aca||aabn | a|a d
040 ## - CATALOGING SOURCE
- Original cataloging agency: NUST
- Transcribing agency: NUST
100 ## - HEADING--PERSONAL NAME
- Personal name: Norris, John W
670 ## - SOURCE DATA FOUND
- Source citation: Work cat.: (NUST): Norris, John W., Warm air heating and winter air conditioning., [1950]
